Регионална библиотека "Любен Каравелов" - Русе

Ще се скъса ли Млечният път? (Запис номер 28040)

MARC детайли
000 -Лидер
Контролно поле с фиксирана дължина 01404nam a2200361 c 4500
003 - Код на организацията, давaща контролен номер
Контролно поле BLK
005 - Дата и час на последна редакция
Контролно поле 20240208091450.0
008 - Елементи от данни с фиксирана дължина
fixed length control field 180407b bul|||||r ||||||| ||bul||
010 ## - Наследен системен номер
LC control number KNG00030628000
020 ## - Международен стандартен номер на книга ISBN
Международен стандартен номер на книга ISBN 954-491-049-2
-- издат.: Жанет-45
040 ## - Източник на каталожния запис
Идентификатор на билиотеката - собственик на записа BLK
041 ## - Код за език
Код за езика на текст/звукозапис или на отделно заглавие Български
Код за езика КДБФ Български
080 ## - УДК
Текстов определител УДК Българска литература
УДК код - определител по УДК 821.163.2
УДК определител -1
УДК - код + определител 821.163.2-1
080 ## - УДК
Текстов определител УДК Българска литература
УДК код - определител по УДК 821.163.2
УДК определител -4
УДК - код + определител 821.163.2-4
080 ## - УДК
Текстов определител УДК Българска литература
УДК код - определител по УДК 821.163.2
УДК определител -2
УДК - код + определител 821.163.2-2
100 1# - Редна дума - Автор
Автор Цанев, Стефан Неделчев
Дати, свързани с автора 1936-
Автор - информация (биография) Писател, поет, драматург.
R(LIN) 364639
139 ## - Редно поле
Редна дума Цанев, Стефан Неделчев
Авторски знак Цан - Ц 16
245 10 - Сведения за заглавието
Заглавие Ще се скъса ли Млечният път?
Подзаглавни данни Стихове, есета, драми
Редно поле (дума) Стефан Неделчев Цанев.
257 ## - Страна на издаване
Страна на създаване/издаване България
260 ## - Област на издателските данни
-- Пловдив
Име на издателя, разпространителя и проч. Жанет-45
Година на издаване 1999
300 ## - Физическа характеристика
Страници 391 с.
Илюстрации и др. с ил.
Размери/Мащаб 21 см
380 ## - Жанр
Жанр Худож. лит.
500 ## - Общи забележки
Забележка Офс. изд. - 2 000 тир.
653 ## - Ключова дума – ненормативна
Ключова дума стихотворения
653 ## - Ключова дума – ненормативна
Ключова дума есета
653 ## - Ключова дума – ненормативна
Ключова дума драми
852 ## - Местоположение
Форматна сигнатура Цб 203435
856 4# - Електронен адрес и достъп
Електронен формат pdf - файл
Път до файла /url/
856 4# - Електронен адрес и достъп
Електронен формат pdf - файл
Път до файла /url/
942 ## - АРТИКУЛИ
Вид на библиотечния материал Книги
Скрит в OPAC Не
Koha issues (borrowed), all copies 13
944 ## - СЪЗДАВАНЕ И РЕДАКЦИЯ на ЗАПИСА
Създаване/Редакция Създаване
Дата на регистрацията/редакция 15.01.2003
Статус, дата на статуса Минев Младен
Служител, извършил регистрацията/редакцията 30530
944 ## - СЪЗДАВАНЕ И РЕДАКЦИЯ на ЗАПИСА
Създаване/Редакция Редакция
Дата на регистрацията/редакция 15.05.2017
Статус, дата на статуса ф /
Служител, извършил регистрацията/редакцията Людмила_Стоянова
999 ## - СИСТЕМНИ КОНТРОЛНИ НОМЕРА
Koha biblionumber 28040
Koha biblioitemnumber 28040
Наличности
Код за отписване Код за изгубен артикул Източник на класификационната схема Код за повреда Коз за рестрикции Код за отдаване Артикулен № Име на библиотеката - собственик Име на библиотеката, в която се намира в момента Статус (Текущо местоположение) Дата на вписване в системата Местоположение - отдел Цена в лева Инвентарен номер Систематично азбучна сигнатура Баркод Номер на екземпляра Цена в евро Служебна бележка Служебен тип на артикула
  Не е изгубен Universal Decimal Classification Не е повреден без рестрикции ползва се в читалня 45137 Регионална библиотека "Любен Каравелов" Русе Регионална библиотека "Любен Каравелов" Русе Хранилище 2001-01-01 Хранилище 0.00 653431 Цб 203435 120000653431 1 0.00 Дост: Dp Вид: Д N: стар фонд Дата: 01.01.2001 Книги
  Не е изгубен   Не е повреден без рестрикции заемане за дома 45138 Регионална библиотека "Любен Каравелов" Русе Регионална библиотека "Любен Каравелов" Русе Заемна - подръчен фонд 2005-08-08 Заемна - подръчен фонд 12.50 120000696041 П 886.7-1/С 16 120000696041 2 6.39 Дост: Pk Вид: Ф N: 8907 Дата: 25.07.2005 Дата инв: 09.02.2018 Бележки инв: П2018 Книги
  Не е изгубен   Не е повреден без рестрикции заемане за дома 45139 Регионална библиотека "Любен Каравелов" Русе Регионална библиотека "Любен Каравелов" Русе Заемна - подръчен фонд 2017-05-04 Заемна - подръчен фонд 10.00 120000810510 П 886.7-1/С 16 120000810510 3 5.11 Дост: DA Вид: А N: 19 Дата: 04.05.2017 Дата инв: 14.02.2018 Бележки инв: П2018 Книги
Vip Innovations Ltd, Rousse, Bulgaria 2025